| 000 | 00680nam a22001697a 4500 | ||
|---|---|---|---|
| 999 |
_c63618 _d63618 |
||
| 003 | Ge_BSU | ||
| 005 | 20251117142328.0 | ||
| 008 | 251117s1972 ge ||||| |||| 00| 0 geo d | ||
| 041 | _ageo | ||
| 080 | _a908(575.1) ც-97 | ||
| 100 |
_aცხვედიანი, თამარა _926239 |
||
| 245 |
_aსაბჭოთა უზბეკეთი / _cთამარა ცხვედიანი. |
||
| 264 |
_aთბილისი : _bსაბჭ. საქართველო, _c1972. |
||
| 300 |
_a54 გვ. ; _b17 სმ. |
||
| 653 | _aკომუნისტური მშენებლობა უზბეკეთში. | ||
| 942 |
_2udc _cᲬᲘᲒᲜᲘ |
||